000 00444cam a2200181ua 4500
020 _cRs 1.25
041 _aeng
_h
082 _a320.58
_bGAN/TO
100 _aGandhi, M K.
245 _aTowards new education /
_cM K Gandhi.
_hTextual Documents
260 _aAhmadabad :
_bNavajivan publishing house ,
_c1953.
300 _a90 ; .
365 _aRs 1.25
504 _a
650 _aGandhiana
942 _cBK
999 _c1080
_d1080